[Event "Chengdu WGP 2016"]
[Site "Chengdu CHN"]
[Date "2016.07.08"]
[Round "6.1"]
[White "Koneru, Humpy"]
[Black "Ju, Wenjun"]
[Result "1/2-1/2"]
[WhiteTitle "GM"]
[BlackTitle "GM"]
[WhiteElo "2575"]
[BlackElo "2578"]
[WhiteFideId "5008123"]
[BlackFideId "8603006"]
[EventDate "2016.07.02"]

1. d4 Nf6 2. c4 e6 3. Nf3 d5 4. Nc3 a6 5. e3 dxc4 6. a4 c5 7. Bxc4 Nc6 8. O-O
Be7 9. Qe2 cxd4 10. Rd1 e5 11. exd4 exd4 12. Nxd4 Nxd4 13. Qe5 Qd6 14. Qxd4 Qxd4
15. Rxd4 Bc5 16. Rd3 Bf5 17. Rf3 Be6 18. Bxe6 fxe6 19. Bg5 O-O 20. Rd1 Rad8 21.
Rxd8 Rxd8 22. Kf1 Kf7 23. Ke2 Kg6 24. Rg3 Kf7 25. Rf3 Kg6 26. Rg3 Kf7 27. Rf3 1/2-1/2

[Event "Chengdu WGP 2016"]
[Site "Chengdu CHN"]
[Date "2016.07.08"]
[Round "6.5"]
[White "Khotenashvili, Bela"]
[Black "Tan, Zhongyi"]
[Result "1/2-1/2"]
[WhiteTitle "GM"]
[BlackTitle "WGM"]
[WhiteElo "2454"]
[BlackElo "2495"]
[WhiteFideId "13602640"]
[BlackFideId "8603642"]
[EventDate "2016.07.02"]

1. c4 Nf6 2. Nf3 e6 3. Nc3 d5 4. d4 Bb4 5. cxd5 exd5 6. Bg5 h6 7. Bh4 Nbd7 8.
Qc2 c5 9. e3 Qa5 10. Bd3 c4 11. Bf5 g6 12. Bxd7+ Nxd7 13. O-O O-O 14. Nd2 Nb6
15. f3 Re8 16. e4 Be6 17. Rf2 Be7 18. Bxe7 Rxe7 19. Nf1 Rd8 20. e5 Nd7 21. f4
Qb6 22. Rd1 Bf5 23. Qa4 Qe6 24. Qxa7 Nb6 25. Qa5 Ra8 26. Qb4 Rd7 27. Ne3 Nc8 28.
b3 cxb3 29. axb3 Ne7 30. Na4 Rc7 31. Qb5 Qc6 32. Qxc6 Rxc6 33. g4 Be4 34. Nc5
Ra3 35. Nxe4 dxe4 36. d5 Rc3 37. d6 Nc6 38. Nd5 Rd3 39. Rxd3 exd3 40. b4 Kf8 41.
Rd2 b5 42. d7 Ra7 43. Nf6 Ra3 44. Nd5 Ra7 45. d8=Q+ Nxd8 46. Rxd3 g5 47. Nf6 Nc6
48. Rd6 Ra6 49. fxg5 hxg5 50. Rd5 Ra2 51. Nh7+ Kg7 52. Nxg5 Re2 53. Rxb5 Nxe5
54. Rb7 Kg6 55. Nh3 Nf3+ 56. Kf1 Rd2 57. Rb6+ f6 58. Nf2 Nxh2+ 59. Kg1 Rb2 60.
Kxh2 Rxf2+ 61. Kg3 Rc2 62. Re6 Rc4 63. Rb6 Rc3+ 64. Kh4 Rc4 65. b5 Rb4 66. Rb8 1/2-1/2

[Event "Chengdu WGP 2016"]
[Site "Chengdu CHN"]
[Date "2016.07.08"]
[Round "6.6"]
[White "Zhao, Xue"]
[Black "Girya, Olga"]
[Result "1/2-1/2"]
[WhiteTitle "GM"]
[BlackTitle "WGM"]
[WhiteElo "2510"]
[BlackElo "2444"]
[WhiteFideId "8601283"]
[BlackFideId "4195752"]
[EventDate "2016.07.02"]

1. d4 d5 2. c4 c6 3. Nf3 Nf6 4. Nc3 e6 5. g3 Nbd7 6. Qd3 b6 7. cxd5 cxd5 8. Bf4
a6 9. Bg2 Bb7 10. O-O Be7 11. Nd2 O-O 12. f3 Rc8 13. Rad1 b5 14. e4 Nb6 15. e5
Nfd7 16. Ndb1 b4 17. Ne2 Bc6 18. b3 Bb5 19. Qd2 Qc7 20. Rc1 Qb7 21. Rxc8 Rxc8
22. Rc1 a5 23. Bf1 a4 24. Rxc8+ Qxc8 25. Nc1 Bxf1 26. Kxf1 Nb8 27. Be3 Qa6+ 28.
Qe2 Qxe2+ 29. Kxe2 a3 30. Nd2 Nc6 31. f4 Nc8 32. Nf3 N8a7 33. Kd3 Nb5 34. Ne2
Kf8 35. Ne1 h5 36. h3 g6 37. Nc2 Ke8 38. Bd2 Kd7 39. Ke3 Nc7 40. Nc1 Na6 41. Nd3
Bf8 42. Ke2 Be7 43. Kf3 Bf8 44. Ke2 Be7 45. Kf3 Bf8 1/2-1/2

[Event "Chengdu WGP 2016"]
[Site "Chengdu CHN"]
[Date "2016.07.09"]
[Round "7.2"]
[White "Girya, Olga"]
[Black "Muzychuk, Mariya"]
[Result "1/2-1/2"]
[WhiteTitle "WGM"]
[BlackTitle "GM"]
[WhiteElo "2444"]
[BlackElo "2545"]
[WhiteFideId "4195752"]
[BlackFideId "14114550"]
[EventDate "2016.07.02"]

1. d4 Nf6 2. c4 g6 3. Nc3 d5 4. cxd5 Nxd5 5. e4 Nxc3 6. bxc3 Bg7 7. Qa4+ Nd7 8.
Nf3 O-O 9. Be2 c5 10. O-O Nb6 11. Qa3 cxd4 12. cxd4 Bg4 13. Rd1 Qd6 14. h3 Bxf3
15. Bxf3 Rfd8 16. e5 Qxa3 17. Bxa3 Rd7 18. Rab1 Rad8 19. Rdc1 Rxd4 20. Bxe7 Re8
21. Bc5 Rd2 22. Bxb7 Bxe5 23. a4 Bb2 24. Re1 Rxe1+ 25. Rxe1 Nxa4 26. Re8+ Kg7
27. Bf8+ Kf6 28. Be7+ Kg7 29. Bf8+ Kf6 30. Be7+ Kg7 31. Bf8+ Kf6 1/2-1/2

[Event "Chengdu WGP 2016"]
[Site "Chengdu CHN"]
[Date "2016.07.09"]
[Round "7.1"]
[White "Tan, Zhongyi"]
[Black "Zhao, Xue"]
[Result "1/2-1/2"]
[WhiteTitle "WGM"]
[BlackTitle "GM"]
[WhiteElo "2495"]
[BlackElo "2510"]
[WhiteFideId "8603642"]
[BlackFideId "8601283"]
[EventDate "2016.07.02"]

1. Nf3 Nf6 2. c4 b6 3. Nc3 Bb7 4. d4 e6 5. Bg5 h6 6. Bh4 d6 7. e3 Nbd7 8. Qc2 g5
9. Bg3 Bg7 10. Bd3 a6 11. O-O-O Qe7 12. h3 Nh5 13. Bh2 f5 14. d5 Bxc3 15. Qxc3
Rf8 16. g4 Ng7 17. gxf5 Nxf5 18. e4 Ng7 19. e5 O-O-O 20. exd6 cxd6 21. Nd4 e5
22. Nc6 Bxc6 23. dxc6 Nb8 24. c5 bxc5 25. Qa5 Qa7 26. b4 Nxc6 27. Qxa6+ Qxa6 28.
Bxa6+ Kc7 29. bxc5 Rxf2 30. cxd6+ Rxd6 31. Rxd6 Kxd6 32. Rd1+ Kc7 33. Rd2 Rf3
34. Rd3 Rf5 35. Rd5 Ne6 36. Be2 Nf4 37. Bg4 Rf7 38. Rb5 Nd4 39. Rxe5 Kc6 40. Re3
Nd5 41. Rd3 Rf1+ 42. Rd1 1/2-1/2

[Event "Chengdu WGP 2016"]
[Site "Chengdu CHN"]
[Date "2016.07.09"]
[Round "7.3"]
[White "Javakhishvili, Lela"]
[Black "Khotenashvili, Bela"]
[Result "1/2-1/2"]
[WhiteTitle "IM"]
[BlackTitle "GM"]
[WhiteElo "2487"]
[BlackElo "2454"]
[WhiteFideId "13601458"]
[BlackFideId "13602640"]
[EventDate "2016.07.02"]

1. d4 d5 2. c4 e6 3. Nc3 Be7 4. Nf3 Nf6 5. Bg5 O-O 6. e3 h6 7. Bh4 Ne4 8. Bxe7
Qxe7 9. Rc1 c6 10. Bd3 Nxc3 11. Rxc3 dxc4 12. Bxc4 Nd7 13. O-O e5 14. dxe5 Nxe5
15. Nxe5 Qxe5 16. Qc2 Bf5 17. Bd3 Bxd3 18. Rxd3 Rad8 19. Rfd1 Rxd3 20. Rxd3 Qa5
21. h3 Qxa2 22. Ra3 Qd5 23. Rxa7 c5 24. e4 Qc6 25. Ra3 Re8 26. Re3 Rd8 27. Rc3
b6 28. b4 Re8 29. bxc5 bxc5 30. Rxc5 Qxe4 31. Qxe4 Rxe4 1/2-1/2

[Event "Chengdu WGP 2016"]
[Site "Chengdu CHN"]
[Date "2016.07.09"]
[Round "7.5"]
[White "Harika, Dronavalli"]
[Black "Koneru, Humpy"]
[Result "1-0"]
[WhiteTitle "GM"]
[BlackTitle "GM"]
[WhiteElo "2526"]
[BlackElo "2575"]
[WhiteFideId "5015197"]
[BlackFideId "5008123"]
[EventDate "2016.07.02"]

1. e4 e5 2. Nf3 Nc6 3. Bc4 Bc5 4. O-O Nf6 5. d3 O-O 6. h3 Re8 7. a4 h6 8. Re1 a6
9. c3 d6 10. Nbd2 Be6 11. Bxe6 Rxe6 12. b4 Ba7 13. Qc2 Re8 14. Nf1 b5 15. Ng3
Ne7 16. d4 Nd7 17. Be3 Ng6 18. Nf5 Ne7 19. Ng3 Ng6 20. Nf5 Ne7 21. dxe5 Bxe3 22.
Nxe3 Nxe5 23. Nxe5 dxe5 24. Red1 Qc8 25. c4 bxa4 26. Qxa4 Qb7 27. Nd5 c6 28.
Nxe7+ Qxe7 29. c5 Qb7 30. Rd6 Rec8 31. Qa5 Rab8 32. Ra4 Qb5 33. Qxb5 Rxb5 34. f3
a5 35. bxa5 Rxc5 36. a6 Kf8 37. Rd7 Ke8 38. Rb7 Rb5 39. h4 g6 40. Kh2 h5 41. Ra2
Kf8 42. Kg3 Kg7 43. Rd7 c5 44. a7 Ra8 45. Rc7 Rb4 46. Kf2 c4 47. Ke2 Rb3 48. Rd2
Ra3 49. Rdd7 Rf8 50. Rxc4 Ra2+ 51. Ke3 Ra3+ 52. Kd2 Ra2+ 53. Rc2 Ra6 54. Kc1 g5
55. hxg5 Kg6 56. Rb7 Ra8 57. Rcc7 Kxg5 58. Rxf7 Kh4 59. Kb1 Kg3 60. Rg7+ Kf2 61.
Kb2 h4 62. Kb3 h3 63. gxh3 Kxf3 64. h4 Kxe4 65. h5 Kd3 66. Rgd7+ Ke3 67. Kb4 e4
68. Kb5 Rh6 69. Rh7 Re6 70. Rb8 Rxa7 71. Rxa7 Re5+ 72. Kc4 Rxh5 73. Ra3+ Kf4 74.
Rf8+ 1-0

[Event "Chengdu WGP 2016"]
[Site "Chengdu CHN"]
[Date "2016.07.10"]
[Round "8.1"]
[White "Muzychuk, Mariya"]
[Black "Muzychuk, Anna"]
[Result "1/2-1/2"]
[WhiteTitle "GM"]
[BlackTitle "GM"]
[WhiteElo "2545"]
[BlackElo "2545"]
[WhiteFideId "14114550"]
[BlackFideId "14111330"]
[EventDate "2016.07.02"]

1. d4 Nf6 2. c4 e6 3. Nc3 Bb4 4. Qc2 O-O 5. e4 d5 6. e5 Ne4 7. Bd3 c5 8. Ne2
cxd4 9. Nxd4 Nd7 10. Bf4 Qh4 11. g3 Qh3 12. O-O-O Bxc3 13. bxc3 Nb6 14. cxd5
exd5 15. f3 Nc5 16. Bf5 Bxf5 17. Qxf5 Qg2 18. Qc2 Qh3 19. Qf5 Qg2 20. Qc2 Qh3
21. Qf5 Qg2 1/2-1/2

[Event "Chengdu WGP 2016"]
[Site "Chengdu CHN"]
[Date "2016.07.10"]
[Round "8.2"]
[White "Koneru, Humpy"]
[Black "Cramling, Pia"]
[Result "1/2-1/2"]
[WhiteTitle "GM"]
[BlackTitle "GM"]
[WhiteElo "2575"]
[BlackElo "2463"]
[WhiteFideId "5008123"]
[BlackFideId "1700030"]
[EventDate "2016.07.02"]

1. d4 d5 2. c4 dxc4 3. Nf3 Nf6 4. e3 b5 5. a4 b4 6. Bxc4 e6 7. O-O Be7 8. Qe2
Bb7 9. a5 a6 10. Nbd2 O-O 11. e4 c5 12. e5 Nd5 13. Nb3 Nd7 14. Bd3 cxd4 15. h4
Qc7 16. Re1 Rfc8 17. Bd2 Qd8 18. Ng5 Nf8 19. Qh5 Bxg5 20. Bxg5 Qe8 21. Qg4 Kh8
22. Qxd4 h6 23. Bd2 Rd8 24. Qg4 Ne7 25. Re3 Nf5 26. Bxf5 exf5 27. Qxf5 Bd5 28.
Be1 Ne6 29. Qg4 Qb5 30. Nc1 Rab8 31. Ne2 Ba8 32. f4 Rbc8 33. f5 Rc4 34. Qh5 Nf4
35. Nxf4 Rxf4 36. Qe2 Qxe2 37. Rxe2 Rxf5 38. Bxb4 Rd4 39. Bd6 Bc6 40. Rc2 Bb5
41. Rc5 Be2 42. b4 Rdf4 43. Ra2 Re4 44. Rc1 Bb5 45. h5 Rxh5 46. Rf2 Reh4 47.
Rfc2 1/2-1/2

[Event "Chengdu WGP 2016"]
[Site "Chengdu CHN"]
[Date "2016.07.10"]
[Round "8.4"]
[White "Khotenashvili, Bela"]
[Black "Ju, Wenjun"]
[Result "1/2-1/2"]
[WhiteTitle "GM"]
[BlackTitle "GM"]
[WhiteElo "2454"]
[BlackElo "2578"]
[WhiteFideId "13602640"]
[BlackFideId "8603006"]
[EventDate "2016.07.02"]

1. d4 Nf6 2. c4 e6 3. g3 c5 4. Nf3 cxd4 5. Nxd4 Qc7 6. Nc3 a6 7. Bg2 Qxc4 8. O-O
Nc6 9. Nb3 d5 10. Bf4 Be7 11. a3 a5 12. Rc1 Qa6 13. a4 O-O 14. Nb5 Qb6 15. Bc7
Qa6 16. Bf4 Qb6 17. Bc7 Qa6 18. Bf4 Qb6 19. Bc7 Qa6 1/2-1/2

[Event "Chengdu WGP 2016"]
[Site "Chengdu CHN"]
[Date "2016.07.10"]
[Round "8.5"]
[White "Zhao, Xue"]
[Black "Javakhishvili, Lela"]
[Result "1/2-1/2"]
[WhiteTitle "GM"]
[BlackTitle "IM"]
[WhiteElo "2510"]
[BlackElo "2487"]
[WhiteFideId "8601283"]
[BlackFideId "13601458"]
[EventDate "2016.07.02"]

1. d4 Nf6 2. c4 c5 3. d5 b5 4. cxb5 a6 5. bxa6 g6 6. Nc3 Bg7 7. e4 O-O 8. Nf3
Qa5 9. Bd2 Bxa6 10. Bxa6 Qxa6 11. Qe2 e6 12. Qxa6 Nxa6 13. dxe6 fxe6 14. O-O Nb4
15. a4 Nd3 16. Rab1 d5 17. exd5 Nxd5 18. Ng5 Rfe8 19. Nge4 Nxc3 20. bxc3 Rxa4
21. f3 Rea8 22. h4 Be5 23. Rfd1 Ra2 24. Rb7 Ra1 25. Rdb1 R8a2 26. Kf1 Rxb1+ 27.
Rxb1 c4 28. Rb6 Nc5 29. Nxc5 Rxd2 30. Rb4 Rd1+ 31. Ke2 Rg1 32. g4 Bxc3 33. Rxc4
Ba5 34. Ra4 Bc3 35. Ra8+ Kf7 36. Ra7+ Kg8 37. Ne4 Bd4 38. Rd7 Ba1 39. Rd8+ Kf7
40. Rd7+ Kg8 41. Ra7 h5 42. gxh5 gxh5 43. Ra5 e5 44. Ra8+ Kg7 45. Ra7+ Kg6 46.
Ra6+ Kg7 47. Nd6 Kg6 48. Kd3 Rh1 49. Ne4+ Kf7 50. Rf6+ Ke7 51. Ra6 Kf7 52. Ng5+
Ke7 53. Ra7+ Kf6 54. Ne4+ Kg6 55. Ng3 Rh3 56. Ra6+ Kf7 57. Ne4 1/2-1/2

[Event "Chengdu WGP 2016"]
[Site "Chengdu CHN"]
[Date "2016.07.10"]
[Round "8.6"]
[White "Girya, Olga"]
[Black "Tan, Zhongyi"]
[Result "1/2-1/2"]
[WhiteTitle "WGM"]
[BlackTitle "WGM"]
[WhiteElo "2444"]
[BlackElo "2495"]
[WhiteFideId "4195752"]
[BlackFideId "8603642"]
[EventDate "2016.07.02"]

1. d4 Nf6 2. c4 e6 3. Nc3 Bb4 4. Qc2 d6 5. a3 Bxc3+ 6. Qxc3 Nbd7 7. f3 e5 8. e4
exd4 9. Qxd4 Nc5 10. Qc3 a5 11. Be3 O-O 12. Ne2 Re8 13. O-O-O Qe7 14. Nd4 a4 15.
Bd3 Nxd3+ 16. Rxd3 Nd7 17. Nf5 Qf6 18. Qxf6 Nxf6 19. Nd4 Be6 20. Rc3 Nd7 21. Rd1
b6 22. Nb5 Rec8 23. Nd4 Re8 24. Nb5 Rec8 25. Nd4 Re8 26. Nb5 1/2-1/2

[Event "Chengdu WGP 2016"]
[Site "Chengdu CHN"]
[Date "2016.07.12"]
[Round "9.1"]
[White "Tan, Zhongyi"]
[Black "Muzychuk, Mariya"]
[Result "0-1"]
[WhiteTitle "WGM"]
[BlackTitle "GM"]
[WhiteElo "2495"]
[BlackElo "2545"]
[WhiteFideId "8603642"]
[BlackFideId "14114550"]
[EventDate "2016.07.02"]

1. Nf3 c5 2. c4 Nc6 3. d4 cxd4 4. Nxd4 Nf6 5. Nc3 e6 6. a3 Bc5 7. Nb3 Bb6 8. Bf4
d5 9. e3 O-O 10. Be2 d4 11. exd4 Nxd4 12. O-O h6 13. Be5 Nxb3 14. Qxb3 Bc7 15.
Rad1 Qe7 16. Bxc7 Qxc7 17. Nb5 Qc5 18. Bf3 Bd7 19. Nd6 Bc6 20. Qe3 Qxe3 21. fxe3
Rab8 22. b4 Rfd8 23. c5 Bxf3 24. gxf3 Nd5 25. Kf2 b6 26. Rd2 bxc5 27. bxc5 Rd7
28. Rc1 Rc7 29. Rc4 Rb3 30. e4 Nf4 31. Rdc2 a6 32. c6 Kf8 33. Nb7 Nd3+ 34. Ke2
Ne5 35. Na5 Rxa3 36. Rc5 Nxf3 37. R2c4 e5 38. Kf2 f6 39. Rb4 Ng5 40. Rd5 Nh3+
41. Ke1 Nf4 42. Rb8+ Ke7 43. Rb7 Nxd5 44. exd5 Kd6 45. Nc4+ Kxd5 46. Nxa3 Rxc6
47. Kd2 g5 48. Nc2 Ke4 49. Rb4+ Kf5 50. Ne3+ Ke6 51. Rb8 h5 52. h4 gxh4 53. Rh8
Rd6+ 54. Ke2 Rd4 55. Rxh5 a5 56. Nf5 Re4+ 57. Kd3 Re1 58. Ne3 Rh1 59. Ng4 a4 60.
Rh8 a3 61. Ra8 h3 62. Ra6+ Kf5 63. Ne3+ Kg5 64. Ke4 f5+ 65. Kf3 h2 66. Rxa3 Rg1 0-1

[Event "Chengdu WGP 2016"]
[Site "Chengdu CHN"]
[Date "2016.07.12"]
[Round "9.2"]
[White "Javakhishvili, Lela"]
[Black "Girya, Olga"]
[Result "1-0"]
[WhiteTitle "IM"]
[BlackTitle "WGM"]
[WhiteElo "2487"]
[BlackElo "2444"]
[WhiteFideId "13601458"]
[BlackFideId "4195752"]
[EventDate "2016.07.02"]

1. c4 c6 2. Nf3 d5 3. e3 Nf6 4. Nc3 e6 5. b3 Bd6 6. Bb2 O-O 7. Be2 e5 8. cxd5
cxd5 9. Nb5 e4 10. Ne5 Ne8 11. f4 exf3 12. Nxf3 Be7 13. O-O Nd7 14. Rc1 Nc5 15.
Nbd4 Ne4 16. d3 N4d6 17. Qd2 Nf6 18. Bc3 a5 19. Bd1 Re8 20. Bc2 Bf8 21. Rce1 Bd7
22. a4 Bg4 23. Ne2 Rc8 24. Nfd4 b6 25. Ng3 Nh5 26. Nh1 Nf6 27. Nf2 Bh5 28. e4
dxe4 29. dxe4 Nd7 30. Bb2 Ne5 31. Nd3 f6 32. Nxe5 fxe5 33. Nf3 Nf7 34. Qe2 Ng5
35. Bd3 Nxf3+ 36. gxf3 Bc5+ 37. Kh1 Qf6 38. Bc4+ Kh8 39. Qg2 Bb4 40. Rd1 Rf8 41.
Rd3 Qf4 42. Qg3 Rce8 43. Kg2 Bc5 44. Rd7 Qxg3+ 45. hxg3 Rf6 46. Bd5 h6 47. g4
Bg6 48. f4 Rd6 49. Rxd6 Bxd6 50. f5 Bh7 51. f6 gxf6 52. Rxf6 Bc5 53. Rxh6 Kg7
54. Rc6 Bd4 55. Rc7+ Kh8 56. Ba3 Rg8 57. Kf3 Rg6 58. Be7 Bg8 59. g5 Bxd5 60.
exd5 Kg8 61. Ke4 Kf7 62. Bf6+ Ke8 63. d6 1-0

[Event "Chengdu WGP 2016"]
[Site "Chengdu CHN"]
[Date "2016.07.12"]
[Round "9.3"]
[White "Ju, Wenjun"]
[Black "Zhao, Xue"]
[Result "0-1"]
[WhiteTitle "GM"]
[BlackTitle "GM"]
[WhiteElo "2578"]
[BlackElo "2510"]
[WhiteFideId "8603006"]
[BlackFideId "8601283"]
[EventDate "2016.07.02"]

1. d4 Nf6 2. c4 e6 3. Nc3 Bb4 4. Nf3 c5 5. g3 Nc6 6. d5 Bxc3+ 7. bxc3 Na5 8. Qd3
b6 9. Bf4 Ba6 10. dxe6 fxe6 11. Nd2 d5 12. Qe3 Kf7 13. Bh3 Re8 14. Nf3 Ne4 15.
Ne5+ Kg8 16. f3 Nf6 17. g4 Nd7 18. g5 Nxe5 19. Bxe5 Nxc4 20. Qf4 Qd7 21. Kf2
Rad8 22. Rad1 Nxe5 23. Qxe5 Qd6 24. Qxd6 Rxd6 25. e3 Bb5 26. Rd2 Ba4 27. Re1 Kf7
28. f4 Red8 29. Bg4 Ke7 30. h4 Be8 31. h5 h6 32. Kg3 b5 33. Rb1 Ra6 34. Be2 Ra5
35. Kf2 a6 36. Rg1 Kf8 37. Bf3 Ra3 38. e4 Rxc3 39. exd5 exd5 40. gxh6 gxh6 41.
Bxd5 Bf7 42. Rgd1 Bxh5 43. Rh1 Bf7 44. Rhd1 Ra3 0-1

[Event "Chengdu WGP 2016"]
[Site "Chengdu CHN"]
[Date "2016.07.12"]
[Round "9.4"]
[White "Harika, Dronavalli"]
[Black "Khotenashvili, Bela"]
[Result "1/2-1/2"]
[WhiteTitle "GM"]
[BlackTitle "GM"]
[WhiteElo "2526"]
[BlackElo "2454"]
[WhiteFideId "5015197"]
[BlackFideId "13602640"]
[EventDate "2016.07.02"]

1. d4 d5 2. Bf4 c5 3. e3 Nc6 4. c3 Qb6 5. Qb3 c4 6. Qc2 Nf6 7. Nd2 Nh5 8. Ne2 g6
9. e4 Qa5 10. Be3 Bg7 11. Ng3 Nxg3 12. hxg3 O-O 13. exd5 Bf5 14. Qd1 Qxd5 15. g4
Bd7 16. Nxc4 b5 17. Nd2 e5 18. Qb3 Qxb3 19. Nxb3 exd4 20. Nxd4 Nxd4 21. cxd4
Bxg4 22. Bxb5 Rad8 23. Be2 Bxe2 24. Kxe2 Bxd4 25. Bxd4 Rxd4 26. Rhd1 Re8+ 27.
Kf1 Rb4 28. b3 Re5 29. Rac1 h5 30. f3 a5 1/2-1/2

[Event "Chengdu WGP 2016"]
[Site "Chengdu CHN"]
[Date "2016.07.13"]
[Round "10.4"]
[White "Muzychuk, Mariya"]
[Black "Koneru, Humpy"]
[Result "0-1"]
[WhiteTitle "GM"]
[BlackTitle "GM"]
[WhiteElo "2545"]
[BlackElo "2575"]
[WhiteFideId "14114550"]
[BlackFideId "5008123"]
[EventDate "2016.07.02"]

1. e4 d6 2. d4 Nf6 3. Nc3 c6 4. Nf3 g6 5. e5 dxe5 6. Nxe5 Bg7 7. Bc4 O-O 8. O-O
Nbd7 9. Bf4 Nh5 10. Nxd7 Bxd7 11. Be5 Bxe5 12. dxe5 Bf5 13. Qe2 Ng7 14. Rad1 Qb6
15. Bb3 Rad8 16. h3 Be6 17. Na4 Qa5 18. Qe3 Bxb3 19. axb3 Ne6 20. Kh2 Rd5 21.
Rxd5 cxd5 22. f4 d4 23. Qg3 Kh8 24. c3 Qa6 25. c4 b5 26. f5 bxa4 27. fxe6 Qxe6
28. bxa4 Qxc4 29. Rf4 Rd8 30. Qf2 Kg8 31. g3 Qd5 32. e6 fxe6 33. Rf7 d3 34. Rxe7
Rf8 35. Qxa7 Qe5 36. h4 Qe2+ 37. Kh3 Qf1+ 0-1

[Event "Chengdu WGP 2016"]
[Site "Chengdu CHN"]
[Date "2016.07.13"]
[Round "10.3"]
[White "Khotenashvili, Bela"]
[Black "Cramling, Pia"]
[Result "1-0"]
[WhiteTitle "GM"]
[BlackTitle "GM"]
[WhiteElo "2454"]
[BlackElo "2463"]
[WhiteFideId "13602640"]
[BlackFideId "1700030"]
[EventDate "2016.07.02"]

1. d4 d5 2. Bf4 Nf6 3. e3 c5 4. c3 Nc6 5. Nd2 Qb6 6. Qb3 c4 7. Qc2 g6 8. e4 Nxe4
9. Nxe4 dxe4 10. d5 Na5 11. Be3 Qc7 12. Qxe4 Bg7 13. Nf3 Bf5 14. Qh4 O-O-O 15.
Rd1 h6 16. Be2 Bf6 17. Qg3 Be4 18. Bf4 Qb6 19. Ne5 Bxe5 20. Bxe5 f6 21. Bd4 Qxb2
22. Bg4+ Bf5 23. Bxf5+ gxf5 24. O-O Rxd5 25. Bb6 Qxb6 26. Rxd5 Nc6 27. Qg7 Rd8
28. Rxd8+ Qxd8 29. Qxh6 Qd3 30. Qe3 e5 31. Qf3 f4 32. h4 Ne7 33. h5 Qh7 34. Qg4+
Kd8 35. Qe6 Qxh5 36. Qxf6 Kd7 37. Rb1 b6 38. Re1 Nc6 39. f3 Qe8 40. a4 Qe7 41.
Rd1+ Kc7 42. Qf5 Nb8 43. Rd5 Nd7 44. Qe4 Qf6 45. Qxc4+ Nc5 46. a5 Qf5 47. Rd1
Qf6 48. Qd5 Qf5 49. axb6+ axb6 50. Qd8+ Kb7 51. c4 Qe6 52. Qd5+ Qxd5 53. Rxd5 1-0

[Event "Chengdu WGP 2016"]
[Site "Chengdu CHN"]
[Date "2016.07.13"]
[Round "10.1"]
[White "Zhao, Xue"]
[Black "Harika, Dronavalli"]
[Result "1/2-1/2"]
[WhiteTitle "GM"]
[BlackTitle "GM"]
[WhiteElo "2510"]
[BlackElo "2526"]
[WhiteFideId "8601283"]
[BlackFideId "5015197"]
[EventDate "2016.07.02"]

1. d4 d5 2. c4 e6 3. Nf3 Nf6 4. Nc3 c6 5. e3 Nbd7 6. Qc2 Bd6 7. b3 O-O 8. Be2 b6
9. O-O Bb7 10. Bb2 Qe7 11. Rad1 Rad8 12. Rfe1 Rfe8 13. Bd3 e5 14. e4 dxc4 15.
Bxc4 b5 16. Bf1 a6 17. g3 g6 18. Bg2 exd4 19. Nxd4 b4 20. Na4 c5 21. Nf3 Bxe4
22. Qc4 Qf8 23. Qxa6 Bd5 24. Nb6 Bxf3 25. Rxe8 Rxe8 26. Nxd7 Nxd7 27. Bxf3 Be5
28. Rxd7 Bxb2 29. Qb7 Rd8 30. Bd5 Rxd7 31. Qxd7 Bf6 32. Kg2 Kg7 33. Kf3 Qe7 34.
Qxe7 Bxe7 1/2-1/2

[Event "Chengdu WGP 2016"]
[Site "Chengdu CHN"]
[Date "2016.07.13"]
[Round "10.5"]
[White "Girya, Olga"]
[Black "Ju, Wenjun"]
[Result "1/2-1/2"]
[WhiteTitle "WGM"]
[BlackTitle "GM"]
[WhiteElo "2444"]
[BlackElo "2578"]
[WhiteFideId "4195752"]
[BlackFideId "8603006"]
[EventDate "2016.07.02"]

1. d4 Nf6 2. c4 e6 3. Nc3 Bb4 4. Qc2 c5 5. dxc5 O-O 6. a3 Bxc5 7. Nf3 b6 8. e4
Bb7 9. b4 Be7 10. e5 Ne8 11. Bd3 f5 12. exf6 Nxf6 13. Ne4 Nxe4 14. Bxe4 Bxe4 15.
Qxe4 Nc6 16. O-O Qc7 17. Rd1 Rac8 18. Be3 Bf6 19. Bf4 e5 20. Be3 Ne7 21. Rac1 d6
22. Qg4 Rcd8 23. Qe6+ Rf7 24. Rd3 Qd7 25. Qxd7 Rxd7 26. Nd2 d5 27. Ne4 d4 28.
Bd2 Nc8 29. c5 bxc5 30. Rxc5 Nd6 31. Nxd6 Rxd6 32. f3 Rdd7 33. Rc8+ Rf8 34. Rc6
Re7 35. b5 e4 36. fxe4 Rxe4 37. Bb4 Be7 38. h3 Bxb4 39. axb4 Rb8 40. Rc7 Rxb5
41. Rxa7 Rf4 42. Rb3 h6 43. Ra5 Rb7 44. Rd5 Kf7 45. b5 Ke6 46. Rd8 Rf5 47. Rxd4
Rfxb5 48. Rxb5 1/2-1/2

[Event "Chengdu WGP 2016"]
[Site "Chengdu CHN"]
[Date "2016.07.13"]
[Round "10.6"]
[White "Tan, Zhongyi"]
[Black "Javakhishvili, Lela"]
[Result "1/2-1/2"]
[WhiteTitle "WGM"]
[BlackTitle "IM"]
[WhiteElo "2495"]
[BlackElo "2487"]
[WhiteFideId "8603642"]
[BlackFideId "13601458"]
[EventDate "2016.07.02"]

1. c4 e5 2. Nc3 Nf6 3. g3 Bb4 4. Bg2 O-O 5. Nf3 Re8 6. O-O Bxc3 7. bxc3 c6 8. d3
d5 9. cxd5 cxd5 10. Bg5 Nbd7 11. Nd2 h6 12. Bxf6 Nxf6 13. c4 Be6 14. Rb1 Qd7 15.
Qb3 Rab8 16. Rfc1 b6 17. Qb2 Rbc8 18. cxd5 Bxd5 19. Bxd5 Qxd5 20. Rc4 Rxc4 21.
Nxc4 e4 22. Ne3 Qd7 23. d4 Nd5 24. Nxd5 Qxd5 25. Qb5 Qxb5 26. Rxb5 Rc8 27. e3
Kf8 28. g4 g5 29. Rb2 Ke7 30. f3 exf3 31. Kf2 Rc1 32. Kxf3 Kd6 33. Ke4 Rg1 34.
h3 Rg3 35. Rf2 Ke7 36. Rh2 b5 37. d5 a5 38. Rc2 Rxh3 39. Rc7+ Kf6 40. Rc6+ Ke7
41. Rc7+ Kf6 42. Rc6+ 1/2-1/2

[Event "Chengdu WGP 2016"]
[Site "Chengdu CHN"]
[Date "2016.07.14"]
[Round "11.3"]
[White "Javakhishvili, Lela"]
[Black "Muzychuk, Mariya"]
[Result "1/2-1/2"]
[WhiteTitle "IM"]
[BlackTitle "GM"]
[WhiteElo "2487"]
[BlackElo "2545"]
[WhiteFideId "13601458"]
[BlackFideId "14114550"]
[EventDate "2016.07.02"]

1. d4 d5 2. c4 c6 3. Nf3 Nf6 4. e3 g6 5. Nc3 Bg7 6. Be2 O-O 7. O-O Bg4 8. h3
Bxf3 9. Bxf3 e6 10. b3 Nbd7 11. Bb2 Re8 12. Qc2 Rc8 13. Rad1 Qa5 14. Qd2 dxc4
15. bxc4 e5 16. Ne4 Qxd2 17. Nxd2 exd4 18. exd4 Nb6 19. Rc1 Bh6 20. Rfd1 Bxd2
21. Rxd2 Ne4 22. Rdc2 f5 23. h4 Kf7 24. g3 Rcd8 25. Kg2 h5 26. Be2 Nf6 27. Bf1
Re7 28. Rb1 Nc8 29. a4 Red7 30. a5 b6 31. Ra1 Ne7 32. axb6 axb6 33. Ra6 Rb7 34.
Rc1 b5 35. cxb5 cxb5 36. Rc5 b4 37. d5 Ne4 38. Rca5 Rc7 39. Ra7 Rxa7 40. Rxa7
Nd2 41. Rb7 Nxf1 42. Kxf1 Rxd5 43. Rxb4 Rd7 44. Rb6 Nd5 45. Ra6 Rb7 46. Bd4 Rb4
47. Ra7+ Ke6 48. Ra6+ Kf7 49. Ra7+ 1/2-1/2